[Event "Oberschwaben-chB"]
[Site "Markdorf"]
[Date "2009.05.24"]
[Round "7.21"]
[White "Neher, Georg"]
[Black "Laub, Bertram"]
[Result "1-0"]
[WhiteElo "1500"]
[BlackElo "1498"]
[PlyCount "64"]
[EventDate "2009.??.??"]
[WhiteTeam "SC Bad Schussenried e.V."]
[BlackTeam "SAbt TG Biberach"]

1. Nf3 c5 2. c4 g6 3. Nc3 Bg7 4. e3 Nf6 5. d4 cxd4 6. exd4 d5 7. g3 dxc4 8.
Qa4+ Bd7 9. Qxc4 O-O 10. Bg2 Bc6 11. O-O Nbd7 12. Re1 Rc8 13. Qe2 e6 14. Bg5
Qb6 15. Qd2 Rfd8 16. Rad1 Rc7 17. Qc1 Bb5 18. Qd2 Rdc8 19. Bf4 Rc6 20. Ne5 Nxe5
21. Rxe5 Ba6 22. Bxc6 Rxc6 23. Na4 Qd8 24. Nc5 Ng4 25. Ree1 Qc8 26. h3 Nf6 27.
Nxa6 Rc2 28. Qd3 bxa6 29. Rc1 Rxc1 30. Rxc1 Qd7 31. Rc7 Qd8 32. Qxa6 Nd5 1-0

[Event "Oberschwaben-chB"]
[Site "Markdorf"]
[Date "2009.05.24"]
[Round "7.24"]
[White "Benkö, Jakob"]
[Black "Holzer, Daniel"]
[Result "1/2-1/2"]
[WhiteElo "879"]
[BlackElo "1229"]
[PlyCount "31"]
[EventDate "2009.??.??"]
[WhiteTeam "SC Tettnang"]
[BlackTeam "SAbt Post-SV Ulm"]

1. Nc3 e5 2. d4 exd4 3. Qxd4 Nc6 4. Qa4 Nf6 5. Bg5 Be7 6. Qh4 d6 7. O-O-O h6 8.
Nf3 Be6 9. e3 Rg8 10. Bxf6 Bxf6 11. Qa4 a6 12. Nd5 Bxd5 13. Rxd5 Qe7 14. Bd3
O-O-O 15. Bf5+ Kb8 16. Rhd1 1/2-1/2